000 01323nam a2200325 a 4500
001 ebr10282659
003 CaPaEBR
006 m u
007 cr cn|||||||||
008 070809s2007 gw a sb 001 0 eng d
020 _z9783110190571
020 _z3110190575
040 _aCaPaEBR
_cCaPaEBR
035 _a(OCoLC)646804392
050 1 4 _aP223
_b.T661 2007eb
245 0 0 _aTones and tunes.
_nVolume 1,
_pTopological studies in word and sentence prosody
_h[electronic resource] /
_cedited by Tomas Riad, Carlos Gussenhoven.
260 _aBerlin ;
_aNew York :
_bMouton de Gruyter,
_cc2007-
300 _axiv, 385 p. :
_bill.
490 1 _aPhonology and phonetics,
_x1861-4191 ;
_v12-1
504 _aIncludes bibliographical references and index.
533 _aElectronic reproduction.
_bPalo Alto, Calif. :
_cebrary,
_d2013.
_nAvailable via World Wide Web.
_nAccess may be limited to ebrary affiliated libraries.
650 0 _aTone (Phonetics)
650 0 _aIntonation (Phonetics)
655 7 _aElectronic books.
_2local
700 1 _aRiad, Tomas,
_d1959-
700 1 _aGussenhoven, Carlos,
_d1946-
710 2 _aebrary, Inc.
830 0 _aPhonology and phonetics ;
_v12.
856 4 0 _uhttp://site.ebrary.com/lib/rucke/Doc?id=10282659
_zAn electronic book accessible through the World Wide Web; click to view
999 _c3574
_d3574